Multimethod research: a synthesis of styles
| Authors: | ; |
|---|---|
| Format: | Print Book |
| Language: | English |
| Published: |
Newbury Park [u.a.]
Sage Publ.
1989
|
| In: |
Sage library of social research (175)
Year: 1989 |
| Edition: | 1. print. |
| Online Access: |
Table of Contents Publisher description Table of contents |
| Availability in Tübingen: | Present in Tübingen. UB: KB 18 A 6470 |
| Check availability: | HBZ Gateway |
| Subito Delivery Service: | Order now. |
| Keywords: |
MARC
| LEADER | 00000cam a2200000 c 4500 | ||
|---|---|---|---|
| 001 | 272178527 | ||
| 003 | DE-627 | ||
| 005 | 20260206204816.0 | ||
| 007 | tu | ||
| 008 | 900503s1989 xxu||||| 00| ||eng c | ||
| 020 | |a 0803930771 |9 0-8039-3077-1 | ||
| 020 | |a 080393078X |9 0-8039-3078-X | ||
| 035 | |a (DE-627)272178527 | ||
| 035 | |a (DE-603)013886096 | ||
| 035 | |a (DE-576)020345801 | ||
| 035 | |a (DE-599)GBV272178527 | ||
| 035 | |a (OCoLC)246425704 | ||
| 035 | |a (OCoLC)19814932 | ||
| 035 | |a (OCoLC)19814932 | ||
| 035 | |a (DE-604)8037152432 | ||
| 035 | |a (AT-OBV)AC01552862 | ||
| 040 | |a DE-627 |b ger |c DE-627 |e rakwb | ||
| 041 | |a eng | ||
| 044 | |c XD-US |c XA-GB |c XB-IN | ||
| 050 | 0 | |a H62 | |
| 082 | 0 | |a 300.72 | |
| 084 | |a MB 2300 |2 rvk |0 (DE-625)rvk/122280: | ||
| 084 | |a MR 2000 |2 rvk |0 (DE-625)rvk/123487: | ||
| 100 | 1 | |a Brewer, John |4 aut | |
| 245 | 1 | 0 | |a Multimethod research |b a synthesis of styles |c John Brewer; Albert Hunter |
| 250 | |a 1. print. | ||
| 264 | 1 | |a Newbury Park [u.a.] |b Sage Publ. |c 1989 | |
| 300 | |a 209 S. |c 8° | ||
| 336 | |a Text |b txt |2 rdacontent | ||
| 337 | |a ohne Hilfsmittel zu benutzen |b n |2 rdamedia | ||
| 338 | |a Band |b nc |2 rdacarrier | ||
| 490 | 1 | |a Sage library of social research |v 175 | |
| 500 | |a Literaturverz. S. 198 - 202 | ||
| 583 | 1 | |a Archivierung prüfen |c 20200919 |f DE-640 |z 2 |2 pdager | |
| 583 | 1 | |a Archivierung prüfen |c 20251012 |f DE-4165 |z 2 |2 pdager | |
| 650 | 0 | |a Social Sciences |x Research |x Methodology | |
| 650 | 0 | 7 | |0 (DE-588)4038971-6 |0 (DE-627)106230158 |0 (DE-576)209032642 |a Methode |2 gnd |
| 650 | 0 | 7 | |0 (DE-588)4055916-6 |0 (DE-627)106156411 |0 (DE-576)209115904 |a Sozialwissenschaften |2 gnd |
| 650 | 0 | 7 | |0 (DE-588)4139716-2 |0 (DE-627)105633291 |0 (DE-576)209696737 |a Methodologie |2 gnd |
| 650 | 0 | 7 | |0 (DE-588)4014606-6 |0 (DE-627)106339389 |0 (DE-576)208908633 |a Empirische Sozialforschung |2 gnd |
| 650 | 4 | |a Empirische Sozialforschung | |
| 650 | 4 | |a Forschungsmethode | |
| 650 | 4 | |a Methodologie | |
| 689 | 0 | 0 | |d s |0 (DE-588)4055916-6 |0 (DE-627)106156411 |0 (DE-576)209115904 |a Sozialwissenschaften |2 gnd |
| 689 | 0 | 1 | |d s |0 (DE-588)4139716-2 |0 (DE-627)105633291 |0 (DE-576)209696737 |a Methodologie |2 gnd |
| 689 | 0 | |5 (DE-627) | |
| 689 | 1 | 0 | |d s |0 (DE-588)4014606-6 |0 (DE-627)106339389 |0 (DE-576)208908633 |a Empirische Sozialforschung |2 gnd |
| 689 | 1 | 1 | |d s |0 (DE-588)4038971-6 |0 (DE-627)106230158 |0 (DE-576)209032642 |a Methode |2 gnd |
| 689 | 1 | |5 (DE-627) | |
| 700 | 1 | |a Hunter, Albert |4 aut | |
| 830 | 0 | |a Sage library of social research |v 175 |9 175 |w (DE-627)129414859 |w (DE-576)008565120 |w (DE-600)189217-4 |7 am | |
| 856 | 4 | 2 | |u http://scans.hebis.de/HEBCGI/show.pl?01388609_toc.pdf |m V:DE-605;X:Imageware |q application/pdf |3 Inhaltsverzeichnis |7 1 |
| 856 | 4 | 2 | |u http://www.loc.gov/catdir/enhancements/fy0654/89010258-d.html |x Verlag |y Publisher description |7 1 |
| 856 | 4 | 2 | |u http://www.loc.gov/catdir/enhancements/fy0654/89010258-t.html |x Verlag |y Table of contents |7 1 |
| 889 | |w (DE-627)019085850 | ||
| 935 | |i mdedup | ||
| 935 | |i Blocktest | ||
| 935 | |h HEB |i 0501 | ||
| 935 | |h HEB |i 0503 | ||
| 936 | r | v | |a MB 2300 |b Allgemeines |k Politologie |k Grundlagen und Selbstverständnis des Faches |k Logik und Methode der politischen Wissenschaft |k Allgemeines |0 (DE-627)1271423871 |0 (DE-625)rvk/122280: |0 (DE-576)201423871 |
| 936 | r | v | |a MR 2000 |b Allgemeine Werke und Lehrbücher |k Soziologie |k Sozialwissenschaftliche Theorien und Methoden |k Methoden der Sozialforschung |k Allgemeine Werke und Lehrbücher |0 (DE-627)1271138913 |0 (DE-625)rvk/123487: |0 (DE-576)201138913 |
| 936 | s | n | |a m200 |2 mzub |
| 951 | |a BO | ||
| ELC | |b 1 | ||
| LOK | |0 000 xxxxxcx a22 zn 4500 | ||
| LOK | |0 001 3337870783 | ||
| LOK | |0 003 DE-627 | ||
| LOK | |0 004 272178527 | ||
| LOK | |0 005 20151019125921 | ||
| LOK | |0 008 900503||||||||||||||||ger||||||| | ||
| LOK | |0 040 |a DE-21 |c DE-627 |d DE-21 | ||
| LOK | |0 852 |a DE-21 | ||
| LOK | |0 852 1 |c KB 18 A 6470 |9 00 | ||
| LOK | |0 935 |a krim | ||
| LOK | |0 939 |a 03-05-90 |b l01 | ||
| ORI | |a SA-MARC-krimdoka001.raw | ||
| SIG | |a UB: KB 18 A 6470 | ||
